Southville International School and Colleges
Your cart is empty.
  • Cart
  • Lists
    Public lists Eva Luna New books Lux_list list_1
    Your lists Log in to create your own lists
  • Log in to your account
  • Your cookies
  • Search history
Southville International School and Colleges
  • Advanced search
  • Recent comments
  • Most popular
  • Libraries

Log in to your account

Log in with GOOGLE


If you do not have an external account, but do have a local account, you can still log in:

  1. Home
  2. MARC view: Allergic rhinitis/
Normal view MARC view ISBD view

Allergic rhinitis/ (Record no. 361979)

[ view plain ]
MARC details
000 -LEADER
fixed length control field 00496nam a2200169Ia 4500
008 - FIXED-LENGTH DATA ELEMENTS--GENERAL INFORMATION
fixed length control field 190717s9999 xx 000 0 und d
100 ## - MAIN ENTRY--PERSONAL NAME
Personal name Abes, Maria Patricia
245 ## - TITLE STATEMENT
Title Allergic rhinitis/
245 ## - TITLE STATEMENT
Statement of responsibility, etc Maria Patricia Abes; Maria Remedios Ignacio; Naneth Tiu
260 ## - PUBLICATION, DISTRIBUTION, ETC. (IMPRINT)
Name of publisher, distributor, etc FAME Inc.
260 ## - PUBLICATION, DISTRIBUTION, ETC. (IMPRINT)
Date of publication, distribution, etc 2018
300 ## - PHYSICAL DESCRIPTION
Extent Pages 28-30, July 2018
440 ## - SERIES STATEMENT/ADDED ENTRY--TITLE
Title Health and Lifestyle: Battling The Bulge
Volume number/sequential designation 12/30/1899 5:07:00 PM
650 ## - SUBJECT ADDED ENTRY--TOPICAL TERM
Topical term or geographic name as entry element Allergy
650 ## - SUBJECT ADDED ENTRY--TOPICAL TERM
Topical term or geographic name as entry element Diagnosis
650 ## - SUBJECT ADDED ENTRY--TOPICAL TERM
Topical term or geographic name as entry element treatment
Holdings
Withdrawn status Lost status Damaged status Home library Current library Date acquired Total Checkouts Date last seen Price effective from Koha item type
      Luxembourg Library Luxembourg Library 07/17/2019   07/17/2019 07/17/2019 Periodicals

Allergic rhinitis/

APA

Abes M. P., .Allergic rhinitis. : FAME Inc.

Chicago

Abes Maria Patricia, .Allergic rhinitis. : FAME Inc.

Harvard

Abes M. P., .Allergic rhinitis. : FAME Inc.

MLA

Abes Maria Patricia, .: FAME Inc. .

  • Place hold
  • Print
  • Cite
  • Add to your cart (remove)
  • Save record
    BIBTEX Dublin Core MARCXML MARC (non-Unicode/MARC-8) MARC (Unicode/UTF-8) MARC (Unicode/UTF-8, Standard) MODS (XML) RIS
  • More searches
    Search for this title in:
    Other Libraries (WorldCat) Other Databases (Google Scholar) Online Stores (Bookfinder.com) Open Library (openlibrary.org)

Exporting to Dublin Core...

SOUTHVILLE LIBRARY

Southville International School and Colleges Library

1281 Tropical Ave. Cor. Luxembourg St., BF Homes International, Las Pinas City

Tel. No. 8256374 / 252358 Loc. 117/146

Powered by Koha